01742pam a2200361 a 4500001000500000005001700005020001800022040002300040050001500063082001100078100002400089245008200113250004200195260003500237300004000272490003000312500002700342505000800369520021000377521002000587521002100607650002600628650002000654650002600674700003100700906004500731942001500776999001500791952014000806952015000946952014001096952014401236146720260325125527.0 a9780590706421 aDLCcDLCdDLCbeng00aPZ7.O8116700a813.541 aOsborne, Mary Pope.10aDay of the Dragon King /cby Mary Pope Osborne ; illustrated by Sal Murdocca. aFirst Scholastic printing, March 1990 aNew York :bScholastic,c1998. a68 pages :billustrations ;c20 cm  aMagic Tree HousevBook 14 a"Stepping Stone book." aG  aThe magic treehouse takes Jack and Annie back two thousand years to ancient China where they must find the original copy of an old legend before the Imperial Library is burned down by the evil Dragon King. a380 bLexile  aG bRaz-Plus  1aTime travelxFiction. 1aMagicxFiction. 1aTree housesxFiction.1 aMurdocca, Saleillustrator a7bcbccorignewd1eocipf19gy-gencatlg 2ddccBKn0 c1467d1467 00102ddc40708JUVFa001b001cTTPd2023-08-25l1oOSB Fic PZ7.O81167pFISBK00096r2024-01-09 13:06:15s2023-12-12t1w2023-08-25yBK 00102ddc40708JUVFa002b002cTTP Dark Blued2023-08-25l3oOSB Fic PZ7.O81167pFISBK00097r2026-03-25 12:33:00s2026-03-11t2w2023-08-25yBK 00102ddc40708JUVFa001b001cTTPd2023-08-25l1oOSB Fic PZ7.O81167pFISBK00098r2024-03-26 08:20:38s2024-03-19t3w2023-08-25yBK 00102ddc40708JUVFa001b001cTK Blued2024-06-14l9oOSB Fic PZ7.O81167pFISTK00474r2025-05-28 08:12:47s2025-05-07t4w2024-06-14yBK